[Event "Maikop University"]
[Site "Maikop"]
[Date "1998.06.09"]
[Round "9"]
[White "Nevostrujev Vladimir"]
[Black "Kharlov Andrei"]
[Result "0-1"]
[WhiteElo "2410"]
[BlackElo "2560"]
[PlyCount "59"]
[EventDate "1998.06.01"]

1. e4 c5 2. Nf3 Nc6 3. d4 cxd4 4. Nxd4 Nf6 5. Nc3 d6 6. Bg5 e6 7. Qd2 Be7 8.
O-O-O Nxd4 9. Qxd4 O-O 10. f4 Qa5 11. Bc4 Bd7 12. e5 dxe5 13. fxe5 Bc6 14. Bd2
Nd7 15. Nd5 Qd8 16. Nxe7+ Qxe7 17. Rhe1 Rfd8 18. Bf1 Nf8 19. Qg4 Ng6 20. Bb4
Rxd1+ 21. Rxd1 Nxe5 22. Qxg7+ Kxg7 23. Bxe7 Ng4 24. Rd3 f5 25. h3 Nf2 26. Ra3
a6 27. b4 Rc8 28. c4 Kf7 29. Bh4 Bxg2 30. Bxg2 0-1

[Event "Maikop University"]
[Site "Maikop"]
[Date "1998.06.09"]
[Round "9"]
[White "Yandemirov Valeri"]
[Black "Gutov Andrey"]
[Result "1/2-1/2"]
[WhiteElo "2545"]
[BlackElo "2250"]
[PlyCount "51"]
[EventDate "1998.06.01"]

1. Nf3 Nf6 2. g3 d5 3. Bg2 Bf5 4. O-O e6 5. d3 Be7 6. Nbd2 h6 7. b3 Nbd7 8. Bb2
O-O 9. c4 c6 10. Rc1 Qb8 11. Re1 Bh7 12. Rc2 Bd6 13. Qa1 Re8 14. Bh3 e5 15.
cxd5 cxd5 16. Nh4 e4 17. dxe4 dxe4 18. e3 Be5 19. Rec1 Bxb2 20. Qxb2 Ne5 21.
Rc8 Qd6 22. Nc4 Nxc4 23. R8xc4 Rad8 24. Nf5 Bxf5 25. Bxf5 Re5 26. Rd4 1/2-1/2

[Event "Maikop University"]
[Site "Maikop"]
[Date "1998.06.09"]
[Round "9"]
[White "Arkhipov Sergey"]
[Black "Hasangatin Ramil"]
[Result "1/2-1/2"]
[WhiteElo "2355"]
[BlackElo "2460"]
[PlyCount "41"]
[EventDate "1998.06.01"]

1. d4 d5 2. c4 c6 3. Nc3 Nf6 4. Nf3 dxc4 5. a4 Bf5 6. e3 e6 7. Bxc4 Bb4 8. O-O
Nbd7 9. Qe2 Bg6 10. e4 O-O 11. Bd3 Bh5 12. e5 Nd5 13. Ne4 Be7 14. Ng3 Bg6 15.
Bxg6 hxg6 16. Ne4 c5 17. Bg5 cxd4 18. Bxe7 Qxe7 19. Rad1 d3 20. Qxd3 Rfd8 21.
Qb5 1/2-1/2

[Event "Maikop University"]
[Site "Maikop"]
[Date "1998.06.09"]
[Round "9"]
[White "Svidler Peter"]
[Black "Yakovich Yuri"]
[Result "1/2-1/2"]
[WhiteElo "2690"]
[BlackElo "2570"]
[PlyCount "54"]
[EventDate "1998.06.01"]

1. e4 c5 2. Nf3 e6 3. d4 cxd4 4. Nxd4 Nc6 5. Nxc6 bxc6 6. Bd3 d5 7. O-O Nf6 8.
Qe2 Be7 9. Nd2 O-O 10. c4 Bb7 11. Rd1 Qc7 12. e5 Nd7 13. Nf3 c5 14. cxd5 Bxd5
15. Bf4 Qb7 16. Ng5 Bxg5 17. Bxg5 Nxe5 18. Qxe5 f6 19. Bxf6 gxf6 20. Qh5 Rf7
21. Bf1 Qxb2 22. Rac1 Qxa2 23. Rxc5 Raf8 24. Rdc1 Qd2 25. g3 Qg5 26. Qe2 Qe5
27. Qd3 Rd7 1/2-1/2

[Event "Maikop University"]
[Site "Maikop"]
[Date "1998.06.09"]
[Round "9"]
[White "Fominyh Alexander"]
[Black "Khalifman Alexander"]
[Result "1/2-1/2"]
[WhiteElo "2530"]
[BlackElo "2660"]
[PlyCount "54"]
[EventDate "1998.06.01"]

1. d4 Nf6 2. Nf3 g6 3. g3 Bg7 4. Bg2 O-O 5. O-O d6 6. c4 Nc6 7. Nc3 a6 8. e3 e5
9. b3 Bf5 10. Bb2 exd4 11. exd4 Re8 12. Ne1 Qd7 13. Qd2 h5 14. Rd1 Rab8 15. Nc2
Bh3 16. Ne3 Bxg2 17. Kxg2 Ne7 18. Qd3 b5 19. d5 Ng4 20. Nxg4 Qxg4 21. cxb5 axb5
22. h3 Qf5 23. Qxf5 Nxf5 24. Rd2 b4 25. Na4 Rb5 26. Bxg7 Kxg7 27. Rc1 Re5
1/2-1/2

[Event "Maikop University"]
[Site "Maikop"]
[Date "1998.06.09"]
[Round "9"]
[White "Ivanov Sergey"]
[Black "Makarov Marat"]
[Result "1/2-1/2"]
[WhiteElo "2570"]
[BlackElo "2540"]
[PlyCount "38"]
[EventDate "1998.06.01"]

1. d4 Nf6 2. c4 e6 3. Nc3 Bb4 4. Qc2 c5 5. dxc5 Bxc5 6. Bf4 Nh5 7. Bg3 Nxg3 8.
hxg3 h6 9. Nf3 Nc6 10. Rd1 b6 11. e3 Bb7 12. g4 Be7 13. Be2 a6 14. Kf1 Rc8 15.
g5 Nb4 16. Qb3 Qc7 17. gxh6 Rxh6 18. Rxh6 gxh6 19. Kg1 Bxf3 1/2-1/2

[Event "Maikop University"]
[Site "Maikop"]
[Date "1998.06.09"]
[Round "9"]
[White "Sherbakov Ruslan"]
[Black "Ionov Sergey"]
[Result "0-1"]
[WhiteElo "2555"]
[BlackElo "2530"]
[PlyCount "76"]
[EventDate "1998.06.01"]

1. Nf3 Nf6 2. c4 e6 3. Nc3 Bb4 4. g4 d6 5. g5 Nfd7 6. Ne4 d5 7. Ng3 O-O 8. cxd5
exd5 9. a3 Bd6 10. d4 Re8 11. Bg2 c6 12. O-O Nf8 13. Nh4 Ng6 14. Nxg6 hxg6 15.
f4 Nd7 16. Qc2 Nb6 17. b3 Bg4 18. e3 Qd7 19. Qf2 Nc8 20. Bb2 Bh3 21. Rfe1 Bxg2
22. Qxg2 Bc7 23. Re2 Nd6 24. Qf3 Qh3 25. Qg2 Qxg2+ 26. Kxg2 Re6 27. Bc1 f6 28.
h4 Kf7 29. Kf3 Rh8 30. Rh2 fxg5 31. h5 gxh5 32. Rxh5 Rxh5 33. Nxh5 Ne4 34. fxg5
Nxg5+ 35. Kg4 Ne4 36. Bb2 Rg6+ 37. Kf3 Rg5 38. Rh1 Kg6 0-1

[Event "Maikop University"]
[Site "Maikop"]
[Date "1998.06.09"]
[Round "9"]
[White "Solozhenkin Evgeniy"]
[Black "Shovunov Baatr"]
[Result "1-0"]
[WhiteElo "2500"]
[BlackElo "2475"]
[PlyCount "81"]
[EventDate "1998.06.01"]

1. d4 d5 2. Nf3 Nf6 3. c4 c6 4. Nc3 dxc4 5. a4 Bf5 6. Ne5 Nbd7 7. Nxc4 Qc7 8.
g3 e5 9. dxe5 Nxe5 10. Bf4 Nfd7 11. Bg2 f6 12. O-O Nc5 13. e4 Bg6 14. Qe2 Bf7
15. Ne3 Ne6 16. Rac1 Bc5 17. b4 Nxf4 18. gxf4 Bxe3 19. Qxe3 Nc4 20. Qg3 O-O 21.
Rfe1 Rfe8 22. e5 fxe5 23. Ne4 Kh8 24. Ng5 Bg8 25. fxe5 Rxe5 26. Re4 Qe7 27.
Rcxc4 Qxg5 28. Rxe5 Qxg3 29. hxg3 Bxc4 30. b5 Rc8 31. Re7 Bb3 32. bxc6 bxc6 33.
Rxa7 c5 34. a5 c4 35. Bd5 h6 36. a6 Ba4 37. Be6 Rc5 38. Rb7 Bc6 39. Rc7 c3 40.
a7 c2 41. a8=Q+ 1-0

[Event "Maikop University"]
[Site "Maikop"]
[Date "1998.06.09"]
[Round "9"]
[White "Balashov Yuri S"]
[Black "Fedorov Alexei"]
[Result "0-1"]
[WhiteElo "2555"]
[BlackElo "2595"]
[PlyCount "58"]
[EventDate "1998.06.01"]

1. e4 c5 2. Nf3 d6 3. Nc3 Nc6 4. d4 cxd4 5. Nxd4 g6 6. Be3 Bg7 7. Be2 Nf6 8.
O-O O-O 9. Qd2 Bd7 10. Rad1 Rc8 11. Nxc6 Bxc6 12. f3 Qc7 13. Qe1 a6 14. Qh4
Rfe8 15. Bd3 b5 16. a3 e6 17. Ne2 d5 18. e5 Nd7 19. f4 f6 20. exf6 Bxf6 21. Qh6
Bxb2 22. c3 Nf8 23. Bd4 Bxa3 24. Ng3 Re7 25. Rf3 Be8 26. Nh5 gxh5 27. f5 exf5
28. Rxf5 Bg6 29. Rdf1 Rg7 0-1

[Event "Maikop University"]
[Site "Maikop"]
[Date "1998.06.09"]
[Round "9"]
[White "Beshukov Sergei"]
[Black "Belozerov Andrei"]
[Result "1/2-1/2"]
[WhiteElo "2405"]
[BlackElo "2460"]
[PlyCount "104"]
[EventDate "1998.06.01"]

1. e4 c5 2. d3 Nc6 3. f4 d5 4. Be2 Nf6 5. e5 Nd7 6. Nf3 Nb6 7. O-O e6 8. c3 Be7
9. d4 Bd7 10. b3 Rc8 11. Ba3 cxd4 12. Bxe7 Qxe7 13. cxd4 Nb4 14. Na3 O-O 15.
Qd2 Rc7 16. Rac1 Rfc8 17. Rxc7 Rxc7 18. Ne1 Nc8 19. Nb1 Nc6 20. a3 f5 21. exf6
Qxf6 22. Nf3 Be8 23. Bb5 Bg6 24. Bxc6 Rxc6 25. Ne5 Rc2 26. Rc1 Rxc1+ 27. Qxc1
Nd6 28. Nc3 Qd8 29. Nxg6 hxg6 30. Ne2 Ne4 31. Ng3 Nxg3 32. hxg3 Qb6 33. Qc3 Qa6
34. a4 Qe2 35. a5 Kh7 36. Kh2 Qh5+ 37. Kg1 Qe2 38. Kh2 g5 39. fxg5 Qh5+ 40. Kg1
Qxg5 41. Qd3+ Kh6 42. Qc3 Kg6 43. Qc8 Qe7 44. Kh2 a6 45. Qb8 e5 46. dxe5 d4 47.
Qc8 Qxe5 48. Qxb7 Qh5+ 49. Kg1 Qd1+ 50. Kh2 Qh5+ 51. Kg1 Qd1+ 52. Kh2 Qh5+
1/2-1/2

[Event "Maikop University"]
[Site "Maikop"]
[Date "1998.06.09"]
[Round "9"]
[White "Tulchinsky Mikhail"]
[Black "Poluljahov Aleksandr"]
[Result "0-1"]
[WhiteElo "2295"]
[BlackElo "2505"]
[PlyCount "74"]
[EventDate "1998.06.01"]

1. d4 d6 2. Nf3 g6 3. c4 Bg7 4. Nc3 Bg4 5. Bg5 Bxf3 6. gxf3 c6 7. Qd2 Nd7 8. e4
a6 9. Be2 Ngf6 10. f4 b5 11. Qe3 bxc4 12. Bxc4 d5 13. Bb3 dxe4 14. Nxe4 O-O 15.
O-O e6 16. Rac1 Qb6 17. Nc5 a5 18. Rfd1 Nxc5 19. dxc5 Qb7 20. Rc4 Nd5 21. Qh3
Bxb2 22. f5 exf5 23. Rh4 Bf6 24. Bxf6 Nxf6 25. Rd6 Qe7 26. Qg3 a4 27. Bc4 Rab8
28. Qg5 Rb1+ 29. Kg2 Qe1 30. Kh3 Nd5 31. Bxd5 cxd5 32. Rxd5 Qxf2 33. Rf4 Qe3+
34. Qg3 Re8 35. Rf3 Qh6+ 36. Qh4 Qxh4+ 37. Kxh4 Rc1 0-1

[Event "Maikop University"]
[Site "Maikop"]
[Date "1998.06.09"]
[Round "9"]
[White "Zakharevich Igor"]
[Black "Savchenko Stanislav"]
[Result "1/2-1/2"]
[WhiteElo "2530"]
[BlackElo "2595"]
[PlyCount "29"]
[EventDate "1998.06.01"]

1. d4 d5 2. Nf3 Nf6 3. c4 c6 4. Nc3 e6 5. Bg5 dxc4 6. e4 b5 7. a4 Qb6 8. Bxf6
gxf6 9. Be2 Bb7 10. O-O a6 11. b3 cxb3 12. Qxb3 Nd7 13. d5 Nc5 14. Qb1 Be7 15.
dxc6 1/2-1/2

[Event "Maikop University"]
[Site "Maikop"]
[Date "1998.06.09"]
[Round "9"]
[White "Filippov Valerij"]
[Black "Dokutchaev A"]
[Result "1/2-1/2"]
[WhiteElo "2595"]
[BlackElo "2425"]
[PlyCount "58"]
[EventDate "1998.06.01"]

1. Nf3 d5 2. d4 Nf6 3. c4 dxc4 4. e3 e6 5. Bxc4 c5 6. O-O a6 7. Bb3 Nc6 8. Nc3
Be7 9. dxc5 Qxd1 10. Rxd1 Bxc5 11. Bd2 Ba7 12. Rac1 Ke7 13. Ng5 Rd8 14. Nce4
Nxe4 15. Nxe4 e5 16. Ba4 Bd7 17. Nc5 Bxc5 18. Rxc5 Rac8 19. a3 Be6 20. Rcc1 f6
21. f3 Kf7 22. Kf2 b5 23. Bc2 Na5 24. Bc3 Rxd1 25. Rxd1 Nc4 26. Be4 Nxa3 27.
Rd6 a5 28. g4 g6 29. Bxa5 Nc4 1/2-1/2

[Event "Maikop University"]
[Site "Maikop"]
[Date "1998.06.09"]
[Round "9"]
[White "Prokopchuk Evgeny"]
[Black "Zarubin Pavel"]
[Result "1/2-1/2"]
[WhiteElo "2500"]
[BlackElo "2445"]
[PlyCount "57"]
[EventDate "1998.06.01"]

1. e4 e6 2. d4 d5 3. Nc3 Bb4 4. e5 c5 5. a3 Bxc3+ 6. bxc3 Ne7 7. h4 b6 8. h5 h6
9. Qg4 Nf5 10. Bb5+ Bd7 11. Bd3 O-O 12. Nf3 Nc6 13. Rh3 Kh8 14. Qf4 f6 15. Qh2
fxe5 16. dxe5 c4 17. Be2 Qc7 18. g4 Nfe7 19. a4 Rae8 20. Kf1 Rf7 21. Ba3 Rxf3
22. Rxf3 Qxe5 23. Qh4 Ng8 24. Re1 Qg5 25. Qxg5 hxg5 26. Bc1 Ne5 27. Re3 Nf7 28.
a5 bxa5 29. Ba3 1/2-1/2

[Event "Maikop University"]
[Site "Maikop"]
[Date "1998.06.09"]
[Round "9"]
[White "Drozdov Igor"]
[Black "Bratchenko Alexander"]
[Result "1-0"]
[WhiteElo "2440"]
[BlackElo "2355"]
[PlyCount "71"]
[EventDate "1998.06.01"]

1. e4 Nf6 2. e5 Nd5 3. d4 d6 4. Nf3 Bg4 5. Be2 e6 6. O-O Be7 7. h3 Bh5 8. c4
Nb6 9. Nc3 O-O 10. Be3 d5 11. cxd5 exd5 12. g4 Bg6 13. Ne1 f5 14. Ng2 Bg5 15.
Bxg5 Qxg5 16. f4 Qd8 17. Ne3 Nc6 18. Rc1 Kh8 19. b3 a6 20. Rf2 Ne7 21. Bd3 Qd7
22. Ne2 c6 23. Ng3 Rf7 24. h4 h6 25. Qc2 Raf8 26. Re1 Qe6 27. h5 Bh7 28. gxf5
Nxf5 29. Nexf5 Bxf5 30. Nxf5 Rxf5 31. Bxf5 Rxf5 32. Rg2 Rxf4 33. Qg6 Qe7 34.
Rf1 Rxd4 35. Rgf2 Nd7 36. Rf7 1-0

[Event "Maikop University"]
[Site "Maikop"]
[Date "1998.06.10"]
[Round "10"]
[White "Dokutchaev A"]
[Black "Balashov Yuri S"]
[Result "0-1"]
[WhiteElo "2425"]
[BlackElo "2555"]
[PlyCount "60"]
[EventDate "1998.06.01"]

1. Nf3 c5 2. c4 Nc6 3. Nc3 g6 4. g3 Bg7 5. Bg2 d6 6. O-O Nh6 7. b3 O-O 8. Bb2
Bf5 9. d3 Qd7 10. Re1 Bh3 11. Bh1 Bg4 12. Qd2 Nf5 13. e3 e5 14. Nd5 Nfe7 15.
Rab1 Nxd5 16. cxd5 Nb4 17. d4 Bxf3 18. Bxf3 Qf5 19. Bg2 Qd3 20. Rbd1 Qxd2 21.
Rxd2 exd4 22. exd4 cxd4 23. Re7 Nxa2 24. Ba3 Nc3 25. Bxd6 Rfe8 26. Rxb7 Re1+
27. Bf1 Ne4 28. Bb4 Nxd2 29. Bxd2 Rd1 30. Bf4 d3 0-1

[Event "Maikop University"]
[Site "Maikop"]
[Date "1998.06.10"]
[Round "10"]
[White "Kiriakov Petr"]
[Black "Shabanov Yuri"]
[Result "1/2-1/2"]
[WhiteElo "2495"]
[BlackElo "2495"]
[PlyCount "54"]
[EventDate "1998.06.01"]

1. d4 d5 2. c4 c6 3. Nc3 Nf6 4. e3 e6 5. Qc2 Nbd7 6. Bd2 Be7 7. Nf3 O-O 8. Bd3
a6 9. e4 dxe4 10. Nxe4 Nxe4 11. Bxe4 Nf6 12. Bd3 c5 13. dxc5 Bxc5 14. O-O Bd7
15. Rad1 h6 16. Bc3 Qe7 17. Bxf6 gxf6 18. Qd2 Kg7 19. Qf4 Bc6 20. Qg4+ Kh8 21.
Qh5 Kg7 22. Rfe1 Bxf3 23. Qxf3 Rfd8 24. Qg3+ Kh8 25. Qf4 Kg7 26. Qg4+ Kh8 27.
Qf4 Kg7 1/2-1/2

[Event "Maikop University"]
[Site "Maikop"]
[Date "1998.06.10"]
[Round "10"]
[White "Zarubin Pavel"]
[Black "Kupreichik Viktor D"]
[Result "0-1"]
[WhiteElo "2445"]
[BlackElo "2505"]
[PlyCount "92"]
[EventDate "1998.06.01"]

1. d4 Nf6 2. Nf3 d5 3. c4 e6 4. Nc3 Bb4 5. Qa4+ Nc6 6. a3 Be7 7. Bf4 O-O 8. e3
Nh5 9. Be5 Bd7 10. Qc2 Be8 11. cxd5 exd5 12. Bd3 g6 13. g4 Nxe5 14. Nxe5 Ng7
15. f4 c5 16. O-O cxd4 17. exd4 Ne6 18. Ne2 Qb6 19. Qc3 Bd6 20. g5 Nxf4 21. Ng4
Nh3+ 22. Kg2 Nxg5 23. Nf6+ Kg7 24. Qd2 Be7 25. Qxg5 Bxf6 26. Qf4 Bd8 27. Kh1
Bc7 28. Qd2 Bd7 29. Rg1 Rae8 30. Raf1 Bb5 31. Bxb5 Qxb5 32. Nc3 Qd7 33. Qg2 f5
34. Nxd5 Re4 35. Nc3 Rxd4 36. Rd1 Rxd1 37. Rxd1 Qc6 38. Nd5 Rd8 39. b4 Be5 40.
Qd2 Qc4 41. Kg1 Qg4+ 42. Kf1 h5 43. Qd3 Bxh2 44. Rd2 Qg1+ 45. Ke2 Re8+ 46. Ne3
Qg4+ 0-1

[Event "Maikop University"]
[Site "Maikop"]
[Date "1998.06.10"]
[Round "10"]
[White "Belozerov Andrei"]
[Black "Petrushin Alexander I"]
[Result "1/2-1/2"]
[WhiteElo "2460"]
[BlackElo "2425"]
[PlyCount "134"]
[EventDate "1998.06.01"]

1. d4 g6 2. e4 Bg7 3. c4 d6 4. Nc3 Nf6 5. Nf3 O-O 6. Be2 e5 7. d5 a5 8. Be3 Ng4
9. Bg5 f6 10. Bd2 Na6 11. h3 Nh6 12. h4 Nc5 13. h5 g5 14. Be3 b6 15. Qc2 Bd7
16. O-O-O Ng4 17. Nh2 Nxh2 18. Rxh2 f5 19. h6 Bh8 20. exf5 Bxf5 21. Qd2 Bg6 22.
Bh5 Qe8 23. Bxc5 bxc5 24. Qxg5 Rxf2 25. Ne4 Qa4 26. Rd2 Rf1+ 27. Rd1 Raf8 28.
Rh1 Qxc4+ 29. Nc3 Bf6 30. Qg3 Rxd1+ 31. Kxd1 Qf4 32. Qxf4 exf4 33. Bxg6 hxg6
34. h7+ Kg7 35. Nb5 Bd8 36. Ke2 Rh8 37. Kf3 g5 38. a4 Rxh7 39. Rxh7+ Kxh7 40.
Na3 Bf6 41. Nc4 Kg6 42. Kg4 Bd4 43. Nxa5 Bxb2 44. Nc4 Bc3 45. a5 Bxa5 46. Nxa5
Kf6 47. Nc4 Kg6 48. Na5 Kf6 49. Nc4 Kg6 50. Nd2 Kf6 51. Nf3 c4 52. Nxg5 Ke5 53.
Nf3+ Ke4 54. Nd2+ Kxd5 55. Kxf4 c3 56. Nb3 Ke6 57. Nd4+ Kf6 58. Ke3 c5 59. Ne2
d5 60. Kd3 d4 61. Kc4 Ke5 62. Kxc5 d3 63. Nxc3 Kf4 64. Nd1 Kg3 65. Ne3 d2 66.
Kd4 d1=Q+ 67. Nxd1 Kxg2 1/2-1/2

[Event "Maikop University"]
[Site "Maikop"]
[Date "1998.06.10"]
[Round "10"]
[White "Bratchenko Alexander"]
[Black "Tulchinsky Mikhail"]
[Result "1-0"]
[WhiteElo "2355"]
[BlackElo "2295"]
[PlyCount "89"]
[EventDate "1998.06.01"]

1. d4 e6 2. c4 f5 3. g3 Nf6 4. Bg2 d5 5. Nf3 c6 6. O-O Bd6 7. b3 Qe7 8. Bb2 O-O
9. Ne5 b6 10. Nd2 Bb7 11. e3 Nbd7 12. Ndf3 Rac8 13. Nxd7 Nxd7 14. Ne5 Nxe5 15.
dxe5 Ba3 16. Qc1 Bxb2 17. Qxb2 dxc4 18. bxc4 Ba6 19. Rfc1 Qc5 20. Bf1 Rfd8 21.
a4 Rc7 22. a5 Rb8 23. axb6 Rxb6 24. Qd4 Qxd4 25. exd4 Bc8 26. d5 cxd5 27. cxd5
Rxc1 28. Rxc1 Bb7 29. d6 Kf8 30. Bg2 Ke8 31. h4 Bxg2 32. Rc8+ Kd7 33. Rc7+ Kd8
34. Kxg2 a5 35. Ra7 Rb5 36. f4 Rb2+ 37. Kh3 Ra2 38. Rxg7 h5 39. Rh7 a4 40. Rxh5
a3 41. Rh7 Rd2 42. Ra7 a2 43. h5 Rd1 44. Rxa2 Rh1+ 45. Rh2 1-0

[Event "Maikop University"]
[Site "Maikop"]
[Date "1998.06.10"]
[Round "10"]
[White "Makarov Marat"]
[Black "Galkin Alexander"]
[Result "0-1"]
[WhiteElo "2540"]
[BlackElo "2565"]
[PlyCount "78"]
[EventDate "1998.06.01"]

1. Nf3 d5 2. d4 c6 3. c4 e6 4. Nc3 dxc4 5. Bg5 Qc7 6. e4 b5 7. Be2 Bb7 8. O-O
Nf6 9. a4 a6 10. axb5 cxb5 11. Bxf6 gxf6 12. d5 Bc5 13. dxe6 fxe6 14. Nd4 Qd7
15. Bh5+ Kf8 16. Nd5 exd5 17. Bg4 Qd6 18. e5 fxe5 19. Qf3+ Ke8 20. Ne6 Rg8 21.
Rad1 Nd7 22. Bh5+ Rg6 23. Bxg6+ hxg6 24. Qh3 Ke7 25. Ng5 Nf6 26. Qh4 Kd7 27.
Rfe1 Rf8 28. Kh1 Kc6 29. f3 Kb6 30. Qh6 Nd7 31. Ne4 Qe7 32. Nxc5 Kxc5 33. b4+
Kc6 34. Qe3 Qd6 35. Re2 Qxb4 36. Qg5 Qd6 37. Ra2 Kc7 38. Rda1 Nc5 39. Qd2 Nb3
0-1

[Event "Maikop University"]
[Site "Maikop"]
[Date "1998.06.10"]
[Round "10"]
[White "Shovunov Baatr"]
[Black "Tregubov Pavel V"]
[Result "1/2-1/2"]
[WhiteElo "2475"]
[BlackElo "2560"]
[PlyCount "59"]
[EventDate "1998.06.01"]

1. e4 c5 2. Nf3 e6 3. c3 d5 4. exd5 exd5 5. d4 Nc6 6. Bb5 Bd6 7. dxc5 Bxc5 8.
O-O Nge7 9. Nbd2 O-O 10. Nb3 Bb6 11. Bd3 Ng6 12. Re1 Bg4 13. Be3 Nge5 14. Bxb6
Qxb6 15. Be2 Bxf3 16. Bxf3 Rad8 17. g3 a5 18. Rb1 Nxf3+ 19. Qxf3 a4 20. Nd4
Nxd4 21. Qe3 g6 22. Red1 Ne2+ 23. Qxe2 d4 24. cxd4 Rxd4 25. Rxd4 Qxd4 26. Rd1
Qf6 27. Qb5 Rc8 28. Qxb7 Rc2 29. Rf1 Kg7 30. Qe4 1/2-1/2

[Event "Maikop University"]
[Site "Maikop"]
[Date "1998.06.10"]
[Round "10"]
[White "Poluljahov Aleksandr"]
[Black "Kozak Alexander"]
[Result "1-0"]
[WhiteElo "2505"]
[BlackElo "2365"]
[PlyCount "149"]
[EventDate "1998.06.01"]

1. e4 c5 2. Nf3 e6 3. d3 Nc6 4. g3 g6 5. Bg5 Qb6 6. Nbd2 Bg7 7. Rb1 Nge7 8. Bg2
d5 9. O-O O-O 10. Re1 h6 11. exd5 Nxd5 12. Nc4 Qc7 13. Bd2 b6 14. Qc1 Kh7 15.
Re4 f6 16. c3 Nce7 17. Ne3 Nxe3 18. Rxe3 Nf5 19. Re1 Ba6 20. d4 Bd3 21. Ra1 e5
22. g4 Ne7 23. g5 e4 24. gxf6 Bxf6 25. Bf4 Qd7 26. Ne5 Bxe5 27. Bxe5 cxd4 28.
Bxe4 Bxe4 29. Rxe4 Qf5 30. Qe1 Qg5+ 31. Bg3 Nf5 32. cxd4 Rad8 33. Rd1 Rd5 34.
Re5 Rxd4 35. Rxd4 Nxd4 36. Rxg5 Nf3+ 37. Kf1 Nxe1 38. Rd5 Re8 39. Rd7+ Kg8 40.
Rxa7 Nd3 41. b3 g5 42. Rb7 Re1+ 43. Kg2 h5 44. Rxb6 h4 45. Bb8 Re2 46. a4 g4
47. Rg6+ Kf7 48. Rxg4 Rxf2+ 49. Kh3 Rb2 50. Kxh4 Rxb3 51. Bc7 Ra3 52. a5 Kf6
53. Kh5 Nc5 54. Rg6+ Kf7 55. Rg3 Ra4 56. Rf3+ Kg7 57. Rf5 Ne6 58. Bg3 Ra2 59.
Rb5 Kf6 60. Be5+ Kf5 61. Bg3+ Kf6 62. Be5+ Kf7 63. Rb7+ Ke8 64. Ra7 Nd8 65. Bg3
Nc6 66. Ra8+ Kd7 67. a6 Nb4 68. a7 Nc6 69. h4 Rxa7 70. Rxa7+ Nxa7 71. Kg6 Ke6
72. Be5 Kxe5 73. h5 Nc6 74. h6 Ne7+ 75. Kg5 1-0

[Event "Maikop University"]
[Site "Maikop"]
[Date "1998.06.10"]
[Round "10"]
[White "Iskusnyh Sergei"]
[Black "Svidler Peter"]
[Result "1/2-1/2"]
[WhiteElo "2455"]
[BlackElo "2690"]
[PlyCount "61"]
[EventDate "1998.06.01"]

1. Nf3 g6 2. c4 Nf6 3. Nc3 Bg7 4. e4 O-O 5. d4 d6 6. Be2 e5 7. O-O Na6 8. Be3
Ng4 9. Bg5 Qe8 10. dxe5 dxe5 11. h3 h6 12. Bd2 Nf6 13. Be3 Qe7 14. a3 c6 15. b4
Nh5 16. Re1 Rd8 17. Qc1 Kh7 18. Ra2 Nc7 19. Rd2 Re8 20. Bf1 Ne6 21. Qd1 Ng5 22.
Nxg5+ hxg5 23. Be2 Nf4 24. Bg4 Ne6 25. Ne2 a5 26. c5 axb4 27. axb4 Nf8 28. Bxc8
Raxc8 29. Qc2 Ne6 30. Red1 Rcd8 31. Rxd8 1/2-1/2

[Event "Maikop University"]
[Site "Maikop"]
[Date "1998.06.10"]
[Round "10"]
[White "Khalifman Alexander"]
[Black "Lopushnoy Denis"]
[Result "1-0"]
[WhiteElo "2660"]
[BlackElo "2390"]
[PlyCount "43"]
[EventDate "1998.06.01"]

1. d4 Nf6 2. Nf3 e6 3. c4 Bb4+ 4. Nbd2 O-O 5. a3 Be7 6. e4 d5 7. e5 Nfd7 8. b4
a5 9. b5 c5 10. Bb2 a4 11. Qc2 Qb6 12. Bd3 h6 13. O-O cxd4 14. cxd5 exd5 15.
Bxd4 Bc5 16. Bb2 Qa7 17. Rae1 Be7 18. e6 fxe6 19. Bh7+ Kh8 20. Bxg7+ Kxg7 21.
Qg6+ Kh8 22. Qxh6 1-0

[Event "Maikop University"]
[Site "Maikop"]
[Date "1998.06.10"]
[Round "10"]
[White "Zaitsev Vadim"]
[Black "Ivanov Sergey"]
[Result "0-1"]
[WhiteElo "2425"]
[BlackElo "2570"]
[PlyCount "112"]
[EventDate "1998.06.01"]

1. e4 c5 2. Nf3 Nc6 3. d4 cxd4 4. Nxd4 Nf6 5. Nc3 d6 6. Bc4 Qb6 7. Nb3 e6 8.
Be3 Qc7 9. f4 Be7 10. O-O O-O 11. Bd3 a6 12. a3 b5 13. Qf3 Rb8 14. Rad1 b4 15.
axb4 Nxb4 16. Nd4 Nxd3 17. cxd3 Rxb2 18. Rc1 Qb7 19. Nd1 Rb1 20. Rxb1 Qxb1 21.
Nf2 Qb2 22. g4 Bb7 23. g5 Nd7 24. f5 Bxg5 25. Bxg5 Qxd4 26. Be3 Qb2 27. Qh3
exf5 28. Qxf5 Ne5 29. Re1 Qc2 30. d4 Qc3 31. Re2 Nc4 32. Qf4 Re8 33. Ng4 Nxe3
34. Rxe3 Qxd4 35. Nf2 Qe5 36. Qxe5 Rxe5 37. Rd3 Kf8 38. Rxd6 Ke7 39. Rd4 f5 40.
Ra4 fxe4 41. Kf1 Bc6 42. Ra3 e3 43. Ng4 e2+ 44. Ke1 Rg5 45. Re3+ Kf8 46. Ne5
Bb5 47. Nf3 Rd5 48. Kf2 Kf7 49. Ne5+ Kf6 50. Nf3 g5 51. h3 h5 52. h4 g4 53. Ne1
Rf5+ 54. Kg3 Rf1 55. Ng2 Bc6 56. Rxe2 Rg1 0-1

[Event "Maikop University"]
[Site "Maikop"]
[Date "1998.06.10"]
[Round "10"]
[White "Ionov Sergey"]
[Black "Nevostrujev Vladimir"]
[Result "1/2-1/2"]
[WhiteElo "2530"]
[BlackElo "2410"]
[PlyCount "132"]
[EventDate "1998.06.01"]

1. d4 Nf6 2. Nf3 g6 3. c4 Bg7 4. Nc3 O-O 5. e4 d6 6. Be2 e5 7. O-O exd4 8. Nxd4
Re8 9. f3 c6 10. Kh1 a6 11. Nc2 b5 12. Bg5 b4 13. Nxb4 Qa5 14. Bxf6 Bxf6 15.
Qa4 Qxa4 16. Nxa4 Ra7 17. Rac1 a5 18. Nd3 Na6 19. Rfd1 Bd4 20. Bf1 f5 21. exf5
Bxf5 22. Re1 Rae7 23. Rxe7 Rxe7 24. Rd1 h5 25. g3 g5 26. h3 g4 27. fxg4 hxg4
28. Kh2 Re3 29. Nc3 gxh3 30. Nf4 Be5 31. Nce2 Bg4 32. Rd2 Nc5 33. Bxh3 Ne4 34.
Rc2 Bxh3 35. Kxh3 Nxg3 36. Nxg3 Bxf4 37. Rg2 Kf7 38. Kg4 Bxg3 39. Rxg3 Re4+ 40.
Kf5 Rxc4 41. Rh3 Rc5+ 42. Ke4 Rc2 43. Rb3 Ke6 44. Kd3 Rh2 45. Rb6 Kd5 46. Kc3
Kc5 47. Rb8 d5 48. Ra8 Rh3+ 49. Kc2 Kb5 50. a3 c5 51. b3 Rh2+ 52. Kc3 a4 53.
bxa4+ Kc6 54. Rc8+ Kd6 55. Rd8+ Ke6 56. a5 Rh3+ 57. Kb2 Rh7 58. Kb3 Ke5 59. Ka4
c4 60. Kb4 Kd4 61. a6 Rc7 62. Rh8 c3 63. Rh4+ Kd3 64. Rh3+ Kc2 65. Rh2+ Kb1 66.
a7 Rxa7 1/2-1/2

[Event "Maikop University"]
[Site "Maikop"]
[Date "1998.06.10"]
[Round "10"]
[White "Gutov Andrey"]
[Black "Solozhenkin Evgeniy"]
[Result "0-1"]
[WhiteElo "2250"]
[BlackElo "2500"]
[PlyCount "66"]
[EventDate "1998.06.01"]

1. d4 Nf6 2. c4 e6 3. Nc3 Bb4 4. e3 c5 5. Nge2 cxd4 6. exd4 d5 7. a3 Be7 8. Nf4
Nc6 9. cxd5 Nxd5 10. Nfxd5 exd5 11. Be3 O-O 12. Bd3 Be6 13. O-O Rc8 14. Rc1 Na5
15. Rc2 Qd7 16. Qh5 g6 17. Qf3 Nc4 18. Bh6 Rfe8 19. Re1 Bf8 20. Be3 a6 21. Ne2
Bg4 22. Qg3 Bf5 23. Nf4 Bxd3 24. Nxd3 Qf5 25. Rc3 Nxa3 26. Rxc8 Rxc8 27. Nc5
Nc2 28. Rc1 b6 29. Nb3 a5 30. Qe5 Nxe3 31. Rxc8 Qxc8 32. Qxe3 a4 33. Nc1 Qc2
0-1

[Event "Maikop University"]
[Site "Maikop"]
[Date "1998.06.10"]
[Round "10"]
[White "Loginov Valery A"]
[Black "Arkhipov Sergey"]
[Result "1-0"]
[WhiteElo "2500"]
[BlackElo "2355"]
[PlyCount "35"]
[EventDate "1998.06.01"]

1. Nf3 c5 2. g3 Nc6 3. c4 g6 4. Bg2 Bg7 5. Nc3 Nh6 6. h4 Nf5 7. h5 e6 8. d3 d6
9. Bd2 a6 10. a3 Bd7 11. Rb1 Rb8 12. Ne4 gxh5 13. Rxh5 Qe7 14. b4 b6 15. bxc5
bxc5 16. Rxb8+ Nxb8 17. g4 Nd4 18. Nxd4 1-0

[Event "Maikop University"]
[Site "Maikop"]
[Date "1998.06.10"]
[Round "10"]
[White "Notkin Maksim"]
[Black "Ibragimov Ildar"]
[Result "1/2-1/2"]
[WhiteElo "2505"]
[BlackElo "2590"]
[PlyCount "46"]
[EventDate "1998.06.01"]

1. d4 e6 2. c4 Bb4+ 3. Bd2 a5 4. g3 Nf6 5. Bg2 d5 6. Nf3 O-O 7. Qc2 c6 8. O-O
Be7 9. Bf4 Na6 10. a3 b5 11. c5 Nh5 12. Ne5 Bd7 13. Bd2 Nb8 14. e4 dxe4 15.
Qxe4 Nf6 16. Qe2 Be8 17. Be3 Nd5 18. Nc3 f6 19. Nf3 Bf7 20. Bd2 Re8 21. Rfe1
Na6 22. Ne4 Bf8 23. Rac1 a4 1/2-1/2